Biblioteka Instytutu Północnego w Olsztynie

Widok standardowy Widok MARC

Pozycja Personal Name

Liczba rekordów, w których użyto hasła: 5

001 - Numer kontrolny

  • control field: 39892

003 - Identyfikator numeru kontrolnego

  • control field: NUKAT

005 - Data i czas ostatniej modyfikacji

  • control field: 20260411204537.0

008 - Dane kontrolne kodowane (40 znaków)

  • fixed length control field: 070816n||a|znnaabn |a aaa |c

010 ## - Numer kontrolny Biblioteki Kongresu

  • numer kontrolny LC: n 2007086427

040 ## - Instytucja sporządzająca rekord

  • inst. przygot. dane do rek. khw: TOR U/JR
  • język haseł przedmiotowych/tezaurus: kaba
  • inst. wprow. rek. khw: TOR U/MM

046 ## - Special dates

  • Birth date: 1867
  • Death date: 1935

099 ## - Sygnatura lokalna

  • sygnatura: n (hh)07mm1653

100 1# - Hasło - nazwa osobowa

  • nazwa osobowa w formie ujednoliconej: Roloff, Ernst Max
  • daty biograficzne: (1867-1935).

400 1# - Trop zob. - nazwa osobowa

  • nazwa osobowa (nazwisko, imiona): Roloff, Ernst M.

400 1# - Trop zob. - nazwa osobowa

  • nazwa osobowa (nazwisko, imiona): Roloff, Ernst Maximilian.

400 1# - Trop zob. - nazwa osobowa

  • nazwa osobowa (nazwisko, imiona): Egenolff, Ortwin.

670 ## - Źródło informacji

  • źródło informacji: Lexikon der Pädagogik : im Verein mit Fachmännern und unter besonderer Mitwirkung. - Bd. 1, Abbitte bis Forstschulen / von Otto Willmann. - Freiburg im Breisgau, 1913.
  • gdzie znaleziono informację: Red. (Ernst M. Roloff ; Lateinschulrektor a. D.)

670 ## - Źródło informacji

  • źródło informacji: LCA online
  • gdzie znaleziono informację: (Roloff, Ernst M. (Ernst Maxmilian))

670 ## - Źródło informacji

  • źródło informacji: DBE. - 1998

670 ## - Źródło informacji

  • źródło informacji: http://www.bautz.de/bbkl/r/o.shtml

670 ## - Źródło informacji

  • źródło informacji: http://www.buch-klaus-lange.de/Artikel.php?ArtikelNr

670 ## - Źródło informacji

  • źródło informacji: DNB online
  • gdzie znaleziono informację: (Roloff, Ernst M.)
Biblioteka Instytutu Północnego, ul. Partyzantów 87, 10-402 Olsztyn, email: biblioteka(at)ip.olsztyn.pl